PRAMAN ADHARIT AYURVEDIY CHIKITSA UPAKRAM (Record no. 502277)

MARC details
000 -LEADER
fixed length control field 00410pam a2200157a 44500
008 - FIXED-LENGTH DATA ELEMENTS--GENERAL INFORMATION
fixed length control field 230515b2019 xxu||||| |||| 00| 0 eng d
020 ## - INTERNATIONAL STANDARD BOOK NUMBER
International Standard Book Number 9789383864058
041 ## - LANGUAGE CODE
Language code of text/sound track or separate title HINDI
082 ## - DEWEY DECIMAL CLASSIFICATION NUMBER
Classification number 000
100 ## - MAIN ENTRY--PERSONAL NAME
Personal name MINISTRY OF AYUSH
245 ## - TITLE STATEMENT
Title PRAMAN ADHARIT AYURVEDIY CHIKITSA UPAKRAM
250 ## - EDITION STATEMENT
Edition statement I
260 ## - PUBLICATION, DISTRIBUTION, ETC.
Place of publication, distribution, etc. NEWDELHI
Name of publisher, distributor, etc. NULL
Date of publication, distribution, etc. 2019
300 ## - PHYSICAL DESCRIPTION
Extent 79
650 ## - SUBJECT ADDED ENTRY--TOPICAL TERM
Topical term or geographic name entry element PRAMAN ADHARARIT AYURVEDIY CHIKITSA UPAKRAM
Holdings
Withdrawn status Lost status Damaged status Not for loan Home library Current library Shelving location Date acquired Source of acquisition Cost, normal purchase price Total Checkouts Full call number Barcode Date last seen Price effective from Koha item type
        College of Ayurved, Pune College of Ayurved, Pune   02/12/2019 NULL 1.00   000 ACP-DO-316 28/06/2023 28/06/2023 Book